Top 10 Cheese Producing Countries - Statistics

General Stats
  • This quiz has been taken 202 times
  • The average score is 7 of 10
Answer Stats
Hint Answer % Correct
3 France
96%
1 USA
95%
4 Italy
93%
2 Germany
88%
8 Russia
76%
10 Canada
75%
5 Netherlands
73%
6 Poland
64%
9 Argentina
42%
7 Egypt
19%
No matching quizzes found
Score Distribution
Percent of People with Each Score
Percentile by Number Answered
Your Score History
You have not taken this quiz